Normal view
MARC view
Entry Topical Term
001 - CONTROL NUMBER
- control field: 68332
003 - CONTROL NUMBER IDENTIFIER
- control field:
005 - DATE AND TIME OF LATEST TRANSACTION
- control field: 20251027145637.0
008 - FIXED-LENGTH DATA ELEMENTS
- fixed length control field: 251027|| aca||aabn | a|a d
040 ## - CATALOGING SOURCE
- Original cataloging agency:
- Transcribing agency:
150 ## - HEADING--TOPICAL TERM
- Topical term or geographic name entry element: Modesty
- Form subdivision: Religious aspects
- General subdivision: Christianity
670 ## - SOURCE DATA FOUND
- Source citation: Work cat.: ()33622: RIKA, Paul aut 58124, Divine revelation and scriptural exposition on believers' holiness in clothing and adornment /, 2011
